The essential world history / (Record no. 356420)
[ view plain ]
| 000 -LEADER | |
|---|---|
| fixed length control field | 00328nam a2200109Ia 4500 |
| 008 - FIXED-LENGTH DATA ELEMENTS--GENERAL INFORMATION | |
| fixed length control field | 180517s9999 xx 000 0 und d |
| 020 ## - INTERNATIONAL STANDARD BOOK NUMBER | |
| International Standard Book Number | 9789814609227 |
| 100 ## - MAIN ENTRY--PERSONAL NAME | |
| Personal name | Duiker, William J. |
| 245 ## - TITLE STATEMENT | |
| Statement of responsibility, etc | Spielvogel, Jackson J. |
| Title | The essential world history / |
| 260 ## - PUBLICATION, DISTRIBUTION, ETC. (IMPRINT) | |
| Place of publication, distribution, etc | Taguig City: |
| Name of publisher, distributor, etc | Cengage learning |
| Date of publication, distribution, etc | 2017 |
| 300 ## - PHYSICAL DESCRIPTION | |
| Extent | iv, 864 pages |
| Withdrawn status | Lost status | Damaged status | Home library | Current library | Shelving location | Date acquired | Source of acquisition | Total Checkouts | Full call number | Barcode | Date last seen | Price effective from | Koha item type |
|---|---|---|---|---|---|---|---|---|---|---|---|---|---|
| College Library | College Library | Reserve Section | 05/17/2018 | D 20 .D873 2014 | C21501 | 05/17/2018 | 05/17/2018 | Books |